Barstool Sports Personalities 2024 - Statistics

General Stats
  • This quiz has been taken 59 times
  • The average score is 51 of 125
Answer Stats
Hint Answer % Correct
Host of PMT, The Yak, Barstool Advisors, CFB Show and Pickem Big Cat
98%
El Presidente, Host of Advisors, Pickem, CFB Show and The Unnamed Show Dave Portnoy
98%
Drives and El Camino, Co-Host of PMT, Host of Macrodosing, Pup Punk PFT
93%
Host of Chicks Fran
86%
Producer of PMT Hank
86%
Host of KFC Radio, Answer the Internet KFC
86%
Dumb Redneck, Host of Unnecessary Roughness, Mostly Sports, Rasslin, CFB Show, Th Yak and Quick Picks Brandon Walker
83%
Mets, Devils, Dolphins fan, Host of Tank Walks Frank the Tank
83%
JAD Assistant Ryan
76%
Host of Plan Bri Brianna Chickenfry
74%
PMT Producer, Philly Sports Fan Max
74%
Host of Out and About Pat
74%
Host of Son of a Boy Dad, Pat Bev Podcast, and The Nicest Rone
74%
Tennessee Blogger, Host of Macrodosing Big T
71%
Former NHL Player, Co- Host of Spittin Chicklets Biz
71%
Host of KMS, Unnamed Show and The Case Kirk Minihane
71%
Whit Sox fan, Host of Redline Radio White Sox Dave
71%
One Half of the Duo Host of A New Untold Story, The Yak, Rediscovering America, The Bracket and Out of Order Nick Turani
69%
Host of Chicks in the office Ria
69%
#1 Team Portnoy guy, Host of the Smokes Show, The Bracket Tommy Smokes
69%
Zillion Beers Dana Beers
67%
Former NHL Player, Host of Spittin Chicklets Ryan Whitney
67%
Former NFL Player, Host of Bussin with the Boys and the Locker Room Taylor Lewan
67%
Former NFL Player, Host of Bussin with the Boys and the Locker Room, Nicknamed Shrimp Will Compton
67%
Host of Zero Blog Thirty and The Yak Kate
64%
Former Ohio State Basketball Player, Author, Host of Mostly Sports, the Yak Mark Titus
64%
Former NFL Player, Host of Macrodosing Arian Foster
62%
Former UNC Morale Coordinator, Host of Sundae Conversation's Caleb Pressley
62%
Ohio Blogger Ohio's Tate
62%
Host of Fore Play, Pup Punk Frankie
60%
One Half of the Duo Host of A New Untold Story, The Yak, Rediscovering America, The Bracket and Out of Order KB
60%
Host of Purple Hats across America and Rat Race Chris Klemmer
57%
Creator of Saturdays are for the boys, 3rd member of out and about, Co-Host of KFC Radio John Feitelberg
57%
Comedian, Co-Host of Son of a Boy Dad Lil Sas
57%
Current NBA Player, has his own podcast Pat Bev
57%
Skell, Host of Pickem, Picks Central and Walking Bets Rico
57%
Host of Fore Play, Sucks at Golf Trent
57%
Comedian, 3rd person on Son of a Boy Dad Francis Ellis
55%
Host of JAD, Barstool Advisors personality Jersey Jerry
55%
Host of Cutting Stems/ Tates Arch nemesis Kelly Keegs
55%
Pitch Picks Host Nicky Smokes
55%
Host of Only Stans, Sundae Conversations Glenny Balls
52%
Host of the Dozen, Surviving Barstool, The Geniuses, and Lights Camera Barstool Jeff D Lowe
52%
Producer of PMT, Jets Superfan Memes
52%
Weird Brain, Host of Quick Picks, the Yak, and Fantasy Football Factory Steven Cheah
52%
Host of the Dog Walk and Barstool Chicago Eddie
50%
Host of Unnecessary Roughness, and CFP Show Kayce Smith
50%
Host of Fore Play, Lazy Eye Riggs
50%
Cooking Show Host Chef Donny
48%
Host of Redline Radio, Barstool Chicago and Pitch Picks Chief
48%
Host of the Bracket and Lights Camera Barstool Kenjac
48%
Does he actually work? Host of Gametime and Picks Central Smitty
48%
Host of WUM Ben Mintz
45%
Host of Picks Central Marty Mush
45%
Host of Rediscovering America, Drop a Pin and Woah thats Weird Wonton Don
45%
Host of Taylor Watch Gia
43%
Former head of Barstool DMV Nate
43%
Host of Picks Central, Unnecessary Roughness and CFB Show Big Ev
40%
Marine, Host of Zero Blog 30 and Drop a Pin Chaps
40%
Tik Toker Hannah Montoya
40%
Co-Host of Spittin Chicklets Rear Admiral
40%
Co-Host of Plan Bri Grace O'Malley
38%
Social for Mostly Sports - Play by play guy Connor Griffin
36%
Social for Mostly Sports - Orioles Fan EBO
36%
Lead of the Viceroy Program Gaz
36%
Host of Million Dollars worth of Game Gillie
36%
Franks Assistant Jenks
36%
Host of Rubbin is Racing and R&R Large
36%
Co Host of Unnecessary Roughness, Famous College Football Twitter Liam Blutman
36%
Tik Toker Moobie
36%
A New Untold Story Producer Mook
36%
Host of Rubbin is Racing, Office administrator Spider
36%
Yak Producer, Mostly Sports Producer TJ
36%
Producer of the Yak, Pitch Picks Zah
36%
Producer for Macrodosing Mad Dog
33%
Host of Moms Basement and Spinning Backfist Robbie Fox
33%
Host of Lowering the Bar and Rat Race Vibbs
33%
Head of Production (This guy is the WORST) All Business Pete
31%
Host of Audio Craic Billy Football
31%
Tik Tok News Correspondant Jack Mac
31%
Co Host of Out and About Joey
31%
Host of Barstool Outdoors Sydnie Wells
31%
Best DJ in Chicago Dante the Don
29%
Is he a Member of the Yak? Out of Order Danny Conrad
26%
Host of Million Dollars worth of Game Wallo
26%
Blogger in Chicago Carl
24%
Co-Editor in Command Hubbs
24%
Blogger, Former Barstool Play by Play guy Jake Marsh
24%
Host of Quick Picks Megan Makin Money
24%
PMT Editor, 99 Pug
24%
Former Denver Hockey Player, A New Untold Story Rudy Junda
24%
Co Host of Advisors Stu Fiener
24%
Zero Blog 30 Co Host Cons
21%
JAD Producer Lucas
21%
Celtics Blogger Greenie
19%
Blogger, Tore his Achilles on a stream Reags
19%
Blogger and Host of Podfathers Clem
17%
New York Office Admin Ebony
17%
Producer of Spittin Chicklets Grinnelli
17%
Host of Picks Central, Mets Superfan Meek Phil
17%
PMT Editor, Chargers Fan Shane
17%
Chicago Office Admin, Brother also works at Barstool Caitlyn Walker
14%
Camera Guy, Just does his Job Fasoli
14%
Patriots Blogger Jerry Thornton
14%
Former Intern brother of the above Luke Blutman
14%
Producer of Tank Walks, R&R Champion Mikey Betts
14%
Comedian, Out of Order and Pup Punk Caroline
12%
Former NFL Player, Co-Host of the Locker Room Delanie Walker
12%
Chicago Intern, Florida Gators Jacob
12%
Blogger, Makes terrible Bets John Rich
12%
Producer for Macrodosing Mackenzie
12%
Son of a Boy Dad Producer, Former Yak member Owen
12%
Chicago Office Admin Paige Pullman
12%
JAD Social White Boy Rick
10%
Baltimore Blogger Banks
7%
Producer of Lights Camera Barstool Gooch
7%
Philly Blogger Jordie
7%
Head of Graphics Milmore
7%
Head of Social former ASU Viceroy Jack McCarthey
5%
Yak Goalie, Quick Picks Producer Jake Malacek
5%
Syracuse Blogger Murls
5%
Tik Toker Anika Christie
2%
RNR/ Social Devlin
2%
Graphics for Chicago Doug
2%
Intern for a New Untold Story Goldfinger
0%
No matching quizzes found
Score Distribution
Percent of People with Each Score
Percentile by Number Answered
Your Score History
You have not taken this quiz